000 01177nam0a22002771 4500
001 v19\rc\1703130
005 20250619031356.0
035 _a(NLR Aleph) 004804589
090 _a4864282
_c4864282
100 _a20061002d1898 |||y0rusy50 ca
101 0 _arus
102 _aRU
105 _ay z |||||
200 1 _aДиэтетика хронических болезней
_eПубл. лекция [чит. врачом Харьк. гор. ремесл. уч-ща Н.П. Прейс. в Харькове, в зале Гор. думы 21-го нояб. 1896 года, в пользу О-ва наборщиков г. Харькова]
_fНик. Пав. Прейс, врач Харьк. гор. ремесл. уч-ща
210 _aХарьков
_cтип. "Печ. дело"
_d1898
215 _a42 с.
_d24
320 _aБиблиогр.: "Труды автора"... (2-3 с. обл.)
700 1 _aПрейс
_bН.П.
_f1856-
_gНиколай Павлович
801 0 _aRU
_bNLR
_gpsbo
801 0 _aRU
_bRuMoRGB
_2psbo
801 1 _aRU
_bProSoft-M
_2rusmarc
852 _aNLR
_j20.98.6.269
899 _aRuMoRGB
_jU 25/1022
899 _aБАН
942 _cBOOK
980 _aNB